00487 2200181 4500001002100000005001700021008004100038035002400079082001200103090001800115100002100133245004100154250001100195260003400206300002800240650002500268990001200293YOGYA-0512000000021720120503233325.0 ind  0010-051200000000217 a839.313 a839.313 Orc R aORCZY, Baronesse aDe roode pimpernelcBaronesse Orczy. aCet.5. a[s.l]bUltricht-H Honigc1920 a191 hlm.bilus.c19 cm. aKesusastraan Belanda a48191-a